00539nam a2200193 a 4500001001300000003000900013005001700022008004100039020002300080082001500103100002200118245005600140260004400196300000800240500003500248505002400283650001600307700002200323nice12345678IN_TiNIC20260116014547.0050524s1997 dela grp 000 0 eng  a8185220 c10000a335.4bTYA aTyagi, Anil Kumar aCommunalism and Ramakatha in Historical Perspective aDelhibInstt.Of Objective Studiesc1997 a85p aincludes index and biblioraphy2 aNotes and Reference aCommunalism1 aTyagi, Anil Kumar